| 000 | 00426nam a2200181Ia 4500 | ||
|---|---|---|---|
| 001 | 24227 | ||
| 005 | 20260414151029.0 | ||
| 008 | 260414t2017||||xx |||||||||||||| ||spa|| | ||
| 041 | _aESP | ||
| 082 |
_a345.112 _bS66 2017 |
||
| 100 |
_aSolís Espinoza, Alejandro _eAUT |
||
| 245 | 0 |
_aCriminología _b |
|
| 260 | _c2017 | ||
| 300 |
_a662 páginas : _c23 cm. |
||
| 650 | _aDER | ||
| 654 | _aCDE | ||
| 942 |
_cLIB _dJUS _fJUS _2ddc _n |
||
| 999 |
_c24227 _d24227 |
||